000 00327nam a2200133Ia 4500
003 GCL
008 140319s9999 xx 000 0 ara d
040 _aGCL /
_cGCL
082 0 4 _a240.9
_bم م
245 1 0 _aالمجالس المؤيدية
260 _a[S.N] :
_bمكتبة مدبولى ،
_c1994
300 _a3380
490 _a
999 _c54895
_d54895